Le commentaire et la dissertation en littérature comparée (notice n° 2197675)
[ vue normale ]
| 000 -LEADER | |
|---|---|
| fixed length control field | 01212cam a2200145 4500500 |
| 005 - DATE AND TIME OF LATEST TRANSACTION | |
| control field | 20260405085441.0 |
| 041 ## - LANGUAGE CODE | |
| Language code of text/sound track or separate title | fre |
| 042 ## - AUTHENTICATION CODE | |
| Authentication code | dc |
| 100 10 - MAIN ENTRY--PERSONAL NAME | |
| Personal name | Brunel, Pierre |
| Relator term | author |
| 245 00 - TITLE STATEMENT | |
| Title | Le commentaire et la dissertation en littérature comparée |
| 260 ## - PUBLICATION, DISTRIBUTION, ETC. | |
| Name of publisher, distributor, etc. | Armand Colin,<br/> |
| Date of publication, distribution, etc. | 2014.<br/> |
| 520 ## - SUMMARY, ETC. | |
| Summary, etc. | La dissertation de littérature comparée et le commentaire de textes français ou étrangers sont des épreuves majeures dans le cursus universitaire de lettres ainsi que dans plusieurs concours. Le but de ce livre est de montrer leur intérêt à partir d’exemples développés, d’exposer une méthode pour les organiser et les rédiger, en soulignant leur complémentarité. L’ouvrage se divise en deux sections, la première présente le commentaire composé et le commentaire comparé, la seconde se concentre sur la dissertation. Pour chaque partie sont proposés une méthodologie puis des exemples détaillés adaptés aux diverses étapes du cursus universitaire, de la licence jusqu’à l’agrégation. |
| 700 10 - ADDED ENTRY--PERSONAL NAME | |
| Personal name | Moura, Jean-Marc |
| Relator term | author |
| 856 41 - ELECTRONIC LOCATION AND ACCESS | |
| Uniform Resource Identifier | <a href="https://shs.cairn.info/le-commentaire-et-la-dissertation-en-litterature-c--9782200291266?lang=fr&redirect-ssocas=7080">https://shs.cairn.info/le-commentaire-et-la-dissertation-en-litterature-c--9782200291266?lang=fr&redirect-ssocas=7080</a> |
Pas d'exemplaire disponible.




Réseaux sociaux